| Tag |
First Indicator |
Second Indicator |
Subfields |
| LEADER |
00000cam a2200000 a 4500 |
| 001 |
in00001589708 |
| 005 |
20151022132649.0 |
| 008 |
001208s2000 gw a b 000 0 engoc |
| 020 |
|
|
|a 3790813206 (pbk.) :
|c DEM90.00
|
| 035 |
|
|
|a (OCoLC)ocm45542486
|
| 040 |
|
|
|a OHX
|c OHX
|d TJC
|d TXA
|d UtOrBLW
|
| 049 |
|
|
|a TXAM
|
| 090 |
|
|
|a HC79.T4
|b S66 2000
|
| 100 |
1 |
|
|a Smolny, Werner.
|
| 245 |
1 |
0 |
|a Endogenous innovations and knowledge spillovers :
|b a theoretical and empirical analysis /
|c Werner Smolny.
|
| 264 |
|
1 |
|a Heidelberg :
|b Physica-Verlag ;
|a [Mannheim] :
|b ZEW, Zentrum für Europäische Wirtschaftsforschung GmbH,
|c [2000]
|
| 264 |
|
4 |
|c ©2000
|
| 300 |
|
|
|a viii, 277 pages :
|b illustrations ;
|c 24 cm.
|
| 336 |
|
|
|a text
|b txt
|2 rdacontent
|
| 337 |
|
|
|a unmediated
|b n
|2 rdamedia
|
| 338 |
|
|
|a volume
|b nc
|2 rdacarrier
|
| 490 |
1 |
|
|a ZEW Economic Studies ;
|v 12
|
| 504 |
|
|
|a Includes bibliographical references (pages [263]-277).
|
| 650 |
|
0 |
|a Technological innovations
|x Economic aspects.
|
| 650 |
|
0 |
|a Research, Industrial.
|
| 650 |
|
0 |
|a Industrial productivity.
|
| 650 |
|
0 |
|a Diffusion of innovations.
|
| 830 |
|
0 |
|a ZEW economic studies ;
|v 12.
|
| 948 |
|
|
|a cataloged
|b h
|c 2001/1/24
|d c
|e dmitchel
|f 9:12:18 am
|
| 994 |
|
|
|a E0
|b TXA
|
| 999 |
|
|
|a MARS
|
| 999 |
f |
f |
|s 16ab4f07-2d2b-3027-a308-5f4fbd583ee6
|i 175783a0-56fb-30bc-99ed-c50847cc7977
|t 0
|
| 952 |
f |
f |
|p ric
|a Texas A&M University
|b Rellis Campus
|c Joint Library Facility
|d Remote Storage
|t 0
|e HC79.T4 S66 2000
|h Library of Congress classification
|i unmediated -- volume
|m A14827131918
|
| 998 |
f |
f |
|a HC79.T4 S66 2000
|t 0
|l Remote Storage
|